000 00527nam a2200169 a 4500
001 000024737
005 20200930023335.0
008 110203s1963 pr r 000 0 spa d
040 _aDO-SdBNP
_bspa
_cBNPHU
082 _axxxxx
_bS572e
100 1 _aSierra Berdecia, Fernando
_950752
245 1 3 _aLa escuela del buen amor /
_cFerando Sierra Berdecia ; edición Emilio M. Colón.
260 _aSan Juan, Puerto Rico :
_bCoqui,
_c1963.
300 _a82 p. ;
_c22.5 cm.
700 1 _aColón, Emilio M.,
_eed.
_94082
049 _aBNGR
999 _c24230
_d24230